|
|
|
|
| LEADER |
00000cam a2200000 4500 |
| 001 |
vtls012086020 |
| 003 |
SK-MaSNL |
| 005 |
20260302024847.0 |
| 008 |
220203s2021 xo al frn 000 0 slo |
| 015 |
|
|
|a SNBA2022/04
|
| 020 |
|
|
|a 9788055719047
|q (brožované)
|
| 040 |
|
|
|a SNK
|b slo
|c SNK
|e rda
|
| 041 |
0 |
|
|a slo
|
| 043 |
|
|
|a e-xo---
|
| 044 |
|
|
|a xo
|c SK
|
| 072 |
|
7 |
|a 316.7
|x Sociológia kultúry. Kultúrny život
|2 konspekt
|
| 080 |
|
|
|a 612.67
|2 2011
|
| 080 |
|
|
|a 316.728-026.12-053.9
|2 2011
|
| 080 |
|
|
|a 36
|2 2011
|
| 080 |
|
|
|a 35:32
|2 2011
|
| 080 |
|
|
|a (048.8)
|2 2011
|
| 080 |
|
|
|a (437.6)
|2 2011
|
| 100 |
1 |
|
|a Kaščáková, Alena,
|d 1964-
|4 aut
|9 44742
|
| 245 |
1 |
0 |
|a Strieborná populácia a aktívne starnutie na Slovensku
|c Alena Kaščáková ; editor Marta Orviská
|
| 250 |
|
|
|a Prvé vydanie
|
| 264 |
|
1 |
|a Banská Bystrica
|b Belianum
|c 2021
|
| 300 |
|
|
|a 145 strán
|b grafy, tabuľky
|c 21 cm
|
| 336 |
|
|
|a text
|b txt
|2 rdacontent
|
| 337 |
|
|
|a bez média
|b n
|2 rdamedia
|
| 338 |
|
|
|a zväzok
|b nc
|2 rdacarrier
|
| 366 |
|
|
|e 100 kusov
|
| 490 |
1 |
|
|a Ekonomická fakulta
|
| 490 |
1 |
|
|a Studia oeconomica
|v 77
|
| 504 |
|
|
|a Bibliografia na strane 120-145
|
| 650 |
0 |
7 |
|a starnutie
|2 SNKPH
|9 2599
|
| 650 |
0 |
7 |
|a aktívne starnutie
|2 SNKPH
|9 77934
|
| 650 |
0 |
7 |
|a sociálna politika
|2 SNKPH
|9 2333
|
| 650 |
0 |
7 |
|a socioekonomický rozvoj
|2 SNKPH
|9 673419
|
| 650 |
0 |
7 |
|a verejná politika
|2 SNKPH
|9 969
|
| 650 |
0 |
7 |
|a Aging
|2 SNKPHeng
|9 291390
|
| 650 |
0 |
7 |
|a Active aging
|2 SNKPHeng
|9 355244
|
| 650 |
0 |
7 |
|a Social policy
|2 SNKPHeng
|9 310357
|
| 650 |
0 |
7 |
|a Public policy
|2 SNKPHeng
|9 265834
|
| 651 |
|
7 |
|a Slovensko
|2 SNKPHgeo
|
| 651 |
|
7 |
|a Slovakia
|2 SNKPHeng
|9 92630
|
| 655 |
|
7 |
|a monografie
|2 SNKPH
|9 70139
|
| 655 |
|
7 |
|a Monographs
|2 SNKPHeng
|9 120675
|
| 700 |
1 |
|
|a Orviská, Marta,
|d 1963-2023
|4 edt
|9 197894
|
| 710 |
2 |
|
|a Univerzita Mateja Bela v Banskej Bystrici.
|b Ekonomická fakulta
|4 pbl
|
| 710 |
2 |
|
|a Univerzita Mateja Bela v Banskej Bystrici.
|b Vydavateľstvo Belianum
|4 pbl
|9 209059
|
| 810 |
2 |
|
|a Univerzita Mateja Bela v Banskej Bystrici.
|t Ekonomická fakulta
|
| 810 |
2 |
|
|a Univerzita Mateja Bela v Banskej Bystrici.
|t Studia oeconomica
|9 303279
|
| 919 |
|
|
|a 978-80-557-1904-7
|
| 958 |
|
|
|a NB
|
| 999 |
|
|
|c 1042021
|d 1043951
|
| 952 |
|
|
|a SNK
|b SNK
|y PREZ
|7 0
|p 17A1479341
|o snkSC 196344
|i snk2022/2761
|8 0
|0 0
|1 0
|4 0
|d 2022-02-23
|f 1
|l 0
|r 2025-10-16 00:00:00
|w 2026-02-24
|
| 952 |
|
|
|a SNK
|b SNK
|y VYP
|7 0
|p 17A1479342
|o snkSC 196344 D1
|i snk2022/2763
|8 0
|0 0
|1 0
|4 0
|d 2022-02-23
|l 0
|r 2026-02-24 14:27:46
|w 2026-02-24
|